000 00296nam a22001337a 4500
020 _a0582296536
082 _a657.45 PRA
100 _aMichael J. P.
_95692
245 _aAuditing
260 _aLondon
_bLongman
_c1983
300 _ax, 508
_b; ill. : 22cm
500 _aIncludes index
942 _cBK
999 _c20201
_d20201